00605 2200229 4500001002100000005001700021008004100038020002200079035002400101041000800125043001300133082001000146090001800156245005300174250001000227260002700237300002700264650002600291710001900317850001200336990002700348YOGYA-0711000000058320110713083759.0 ind  a978-979-29-2445-9 0010-071100000000583 aInd aYOPD DIY a005.5 aDEP 005.5 Pas aPasti Bisa Belajar Sendiri Microsoft Access 2010 aCet 1 aYogyakartabAndic2011 aV 201 hlmbilusc21 cm aMicrosoft Access 2010 aMadcoms Madiun aYOPDYOG aCB - D.11 - 2011 - 307